Kirjaimella H alkavia sanoja #2 - Statistics

Yleistilastot
  • Tätä visaa on pelattu 800 kertaa
  • Keskiarvotulos 11 / 20
Vastaustilastot
Määritelmä Sana % Oikein
Maapallon merkittävin kasvihuonekaasu Hiilidioksidi
84%
Lehtipuu, jonka puuaines on vaaleaa ja jonka lehdet ovat pyöreähköt Haapa
80%
Muita lentokoneita vastaan taisteleva sotilaslentokone Hävittäjä
77%
Kerätä tavaraa tai ruokaa varastoon, mahdollisesti rohmuten yli tarpeiden Hamstrata
76%
Metallikappaleiden liittäminen sulattamalla niiden liitoskohdat Hitsaus
72%
Tämän sisältä on hankala löytää neulaa Heinäsuova
68%
Afrikassa elävä kissaeläimiä tai näätiä muistuttava vahvaleukainen raadonsyöjä Hyeena
67%
Perinteinen oljista tehty katosta riippuva koriste Himmeli
66%
Islaminuskon sallima asia, usein ruoka Halal
65%
Keihäsmäinen kalastusväline Harppuuna
65%
Sopusointu Harmonia
59%
Huippua kohti suppeneva arvojärjestelmä Hierarkia
59%
Suomalaisessa kansanperinteessä jokaisella luonnonkohteella tai rakennuksella oli oma tällainen olento Haltija
57%
Unen ja valveillaolon välinen tila, jossa elintoiminnot hidastuvat Horros
56%
Historiassa kuninkaan jälkeen korkein hallitsijan arvonimi Herttua
50%
Ihmisyyteen perustuva elämänkatsomus Humanismi
48%
Vesipitoinen, läpinäkyvä ja melko joustava ruoanlaitossa käytetty aineen koostumustyyppi Hyytelö
31%
Elimistön verenkierron kautta kulkeva välittäjäaine Hormoni
23%
Tila, jossa silmä reagoi eri tavalla pysty- ja vaakasuorasti tulevaan valoon Hajataittoisuus
19%
Raskaasti aseistettu antiikin Kreikan jalkasotilas Hopliitti
10%
Ehtoja vastaavia visoja ei löytynyt
Tulosjakauma
Jokaisen tuloksen saaneiden osuus
Persentiili vastausten määrän mukaan
Tuloshistoriasi
Et ole pelannut tätä visaa